LEADER 01013nam0-22003011--450- 001 990008861340403321 005 20090601173804.0 035 $a000886134 035 $aFED01000886134 035 $a(Aleph)000886134FED01 035 $a000886134 100 $a20090601d1885----km-y0itay50------ba 101 0 $aita 102 $aIT 105 $ay-------001yy 200 1 $aAncora sull'apparente antinomia fra l'art. 1400, 1. comma e l'art. 1969 n. 4 del Codice civile$ereplica al signor avvocato Lordi$fdi Vittorio Polacco 210 $aBologna$cTip. Fava e Garagnani$d1885 215 $a13 p.$d23 cm 300 $aEstr. da: Archivio giuridico 676 $a346$v11 rid.$zita 700 1$aPolacco,$bVittorio$f<1859-1926>$0227941 801 0$aIT$bUNINA$gRICA$2UNIMARC 901 $aBK 912 $a990008861340403321 952 $aBUSTA 3 (11) 28$b5480$fFGBC 959 $aFGBC 996 $aAncora sull'apparente antinomia fra l'art. 1400, 1. comma e l'art. 1969 n. 4 del Codice civile$9803736 997 $aUNINA LEADER 00897nam a22002533i 4500 001 991000912809707536 005 20040212095803.0 008 040220s1983 it |||||||||||||||||ita 035 $ab12689385-39ule_inst 035 $aARCHE-068774$9ExL 040 $aDip.to Scienze pedagogiche$bita$cA.t.i. Arché s.c.r.l. Pandora Sicilia s.r.l. 082 04$a157.5 100 1 $aSchwartz, Martin F.$0157213 245 13$aLa balbuzie sconfitta /$cMartin F. Schwartz 260 $aRoma :$bA. Armando,$c[1983] 300 $a95 p. ;$c22 cm 440 0$aSerie di psicologia ;$v63 650 4$aBalbuzie 907 $a.b12689385$b02-04-14$c17-03-04 912 $a991000912809707536 945 $aLE022 CBS 036$g1$i2022000102933$lle022$o-$pE0.00$q-$rl$s- $t0$u2$v1$w2$x0$y.i13200975$z17-03-04 996 $aBalbuzie sconfitta$9272042 997 $aUNISALENTO 998 $ale022$b17-03-04$cm$da $e-$fita$git $h3$i1